000 00531nam a2200121Ia 4500
008 220616s9999||||xx |||||||||||||| ||und||
100 _aJagannathan Thirumalai
245 0 _aThin Film Processes - Artifacts on Surface Phenomena and Technological Facets
546 _aEnglish[eng]
650 _aSolid-State Physics||Physical Sciences||Engineering and Technology||Materials Science||Semiconductor
856 _uhttps://www.intechopen.com/books/thin-film-processes-artifacts-on-surface-phenomena-and-technological-facets
942 _cEB
999 _c19630
_d19630